00726nam a22002177a 450000500170000001000270001702000260004402000310007003500130010103500170011403500130013103700190014403700130016308200110017610000280018724500890021526000450030427000650034930000430041450000510045720180305115157.0 aBAC-EN21 ENG-111466 a9780198092377c545.00 a9780198092377c595.00 (AV) aEN-94998 aB-587503-517 aB-664962 bUppal/Venadpl bDBAD/PUB a327.54 aMalone, David M.d1954- aDoes the elephant dance? :bcontemporary Indian foreign policy /cby David M. Malone aNew DelhibOxford University Pressc2014 aYMCA Library Building, 1 Jai Singh Road, bNew Delhie110001 axxii,425p. :c24cm(pbk)b maps, charts aIncludes bibliographical references and index.